El subsistema de inversión y financiación de la empresa (Registro nro. 2499)

Detalles MARC
000 -LEADER
fixed length control field 02268 a2200229 4500
001 - CONTROL NUMBER
control field 34878
005 - DATE AND TIME OF LATEST TRANSACTION
control field 20260407155634.0
008 - FIXED-LENGTH DATA ELEMENTS--GENERAL INFORMATION
fixed length control field 260407a1980 arg spa d
003 - CONTROL NUMBER IDENTIFIER
control field AR-UNSa-BCEJYS
040 ## - CATALOGING SOURCE
Original cataloging agency AR-UNSa-BCEJYS
Language of cataloging spa
Transcribing agency AR-UNSa-BCEJYS
080 ## - UNIVERSAL DECIMAL CLASSIFICATION NUMBER
Universal Decimal Classification number 658.16
Common auxiliary subdivision Reorganización financiera (Proyectos de inversión)
020 ## - INTERNATIONAL STANDARD BOOK NUMBER
International Standard Book Number 84-368-0154-7
100 1# - MAIN ENTRY--PERSONAL NAME
Personal name Dominguez Machuca, José Antonio
245 10 - TITLE STATEMENT
Title El subsistema de inversión y financiación de la empresa
Name of part/section of a work problemas y fundamentos teóricos
264 #1 - PRODUCTION, PUBLICATION, DISTRIBUTION, MANUFACTURE, AND COPYRIGHT NOTICE
Place of production, publication, distribution, manufacture Madrid :
Name of producer, publisher, distributor, manufacturer Ediciones Pirámide
Date of production, publication, distribution, manufacture, or copyright notice 1980
300 ## - PHYSICAL DESCRIPTION
Extent 506 p
Dimensions 23 cm.
505 ## - FORMATTED CONTENTS NOTE
Formatted contents note Parte I: La evaluación, comparación y selección de proyectos de inversión : 1. La evaluación de proyectos de inversión mediante criterios clásicos - 2. La dterminación de variables - 3. La inconistencia del criterio del tango interno de rendimiento - 4. La comparación de proyectos de inversión mutuamente excluyentes - 5. La programación de proyectos de inversión(capital budgeting) - 6. Aplicación de técnicas multicriterios a la evaluación, comparación y selección de proyectos de inversión - 7. La previsión de los flujos netos de caja - Parte II: Universo aleatorio: 8. Diferentes formas de introducir el riesgo en los criterios clásicos de evaluación de inversiones - 9. Estudio de la sensibilidad en los criterios de evaluación de proyectos de inversión - 10. La distribución probabilistica del valor y del tanto interno de rendimiento - 11. El análisis bayesiano y la teoría de la utilidad - 12. Las desiciones secuenciales de inversión - 13. La simulación de montecarlo - Parte III: La financiación de la empresa: 14. El análisis financiero - 15. La financiación interna - 16. La bolsa de valores - 17. Aspectos particulares de la financiación mediante obligaciones - 18. El efecto palanca(leverage) - 19. El riesgo financiero - 20. El coste de las distintas fuentes financieras. El coste medio ponderado de capital para un riesgo económico- financiero constante - 21. La estructura financiera óptima - 22. La tasa de retorno requerida - 23. La inversión financiera: Las carteras de valores.
590 ## - LOCAL NOTE (RLIN)
Local note niveau_biblio:m niveau_hierar:0
700 1# - ADDED ENTRY--PERSONAL NAME
Personal name Durbán Oliva, S.
700 1# - ADDED ENTRY--PERSONAL NAME
Personal name Martín Armario, E.
942 ## - ADDED ENTRY ELEMENTS (KOHA)
Koha item type
Existencias
Withdrawn status Lost status Damaged status Not for loan Home library Current library Shelving location Date acquired Total checkouts Full call number Barcode Date last seen Price effective from Koha item type
        Biblioteca Prof. Eusebio Cleto del Rey Biblioteca Prof. Eusebio Cleto del Rey   07/04/2026   658.16 D671 L39726 07/04/2026 07/04/2026 Libro
        Biblioteca Prof. Eusebio Cleto del Rey Biblioteca Prof. Eusebio Cleto del Rey   07/04/2026   658.16 D671 L39725 07/04/2026 07/04/2026 Libro